India's emerging economy: performance and prospects in the 1990s and beyond (Record no. 402942)

000 -LEADER
fixed length control field 00523cam a22001577a 4500
008 - FIXED-LENGTH DATA ELEMENTS--GENERAL INFORMATION
fixed length control field 180718b2004 xxu||||| |||| 00| 0 eng d
020 ## - INTERNATIONAL STANDARD BOOK NUMBER
International Standard Book Number 0195670094
082 ## - DEWEY DECIMAL CLASSIFICATION NUMBER
Classification number T19x54 B299i
245 ## - TITLE STATEMENT
Title India's emerging economy: performance and prospects in the 1990s and beyond
Statement of responsibility, etc. edited by Kaushik Basu
260 ## - PUBLICATION, DISTRIBUTION, ETC.
Place of publication, distribution, etc. New Delhi
Name of publisher, distributor, etc. Oxford Univ. Press
Date of publication, distribution, etc. 2004
300 ## - PHYSICAL DESCRIPTION
Extent 319p.
650 ## - SUBJECT ADDED ENTRY--TOPICAL TERM
Topical term or geographic name entry element India - Economic policy - 1990-
650 ## - SUBJECT ADDED ENTRY--TOPICAL TERM
Topical term or geographic name entry element Fiscal policy - India
650 ## - SUBJECT ADDED ENTRY--TOPICAL TERM
Topical term or geographic name entry element India - Economic conditions - 1990-
700 ## - ADDED ENTRY--PERSONAL NAME
Personal name Basu, Kaushik
Holdings
Withdrawn status Lost status Damaged status Not for loan Permanent Location Current Location Date acquired Full call number Barcode Date last seen Price effective from Koha item type
        Indian Institute of Public Administration Indian Institute of Public Administration 2004-09-13 T19x54 B299i 79573 2018-07-21 2018-07-21 Book

Powered by Koha